000 00345nam a2200157Ia 4500
100 _aNone
650 _aElectrical Engineering
942 _cRB
654 _aTransistors
245 _aTransistors How To Test Them
260 _bD.B. Tarapore vala
_aBombay
_c1969
082 _a621.3
_bTar
300 _a90
546 _aENGLISH
999 _c24746
_d24746